| 000 | 01029nam a22002417a 4500 | ||
|---|---|---|---|
| 001 | 7603 | ||
| 003 | FISKH | ||
| 005 | 20250725150930.0 | ||
| 008 | 250725b cb ||||| |||| 00| 0 eng d | ||
| 040 |
_aFISKH _beng _cFISKH _dFISKH |
||
| 050 | _aPS3566.I59 L58 | ||
| 082 | _a813 | ||
| 100 | _aPiper, H. Beam | ||
| 245 |
_aLittle fuzzy / _cby H. Beam Piper |
||
| 260 |
_aPhnom Penh : _bFootprints International School , _c2025. |
||
| 300 |
_a107 pages : _billustrations ; _c21 cm . |
||
| 490 |
_aFuzzies _v1 |
||
| 520 | _aFiction. Science Fiction. HTML:A miner on the planet Zarathustra crosses paths with an adorable fuzzy creature -- and soon realizes that the little guy may possess human-like intelligence. This realization may throw the social and political balance of the planet into question, and several different groups are soon engaged in a heated race to gauge the smarts of the small fuzzy fellows. | ||
| 650 |
_aFirst contact _vFiction |
||
| 650 |
_aAlliens _vFiction |
||
| 942 |
_2ddc _cBK _n0 |
||
| 999 |
_c7603 _d7603 |
||